<?xml version="1.0" encoding="UTF-8"?>
<record
    xmlns:xsi="http://www.w3.org/2001/XMLSchema-instance"
    xsi:schemaLocation="http://www.loc.gov/MARC21/slim http://www.loc.gov/standards/marcxml/schema/MARC21slim.xsd"
    xmlns="http://www.loc.gov/MARC21/slim">

  <leader>01359nabaa22001937a 4500</leader>
  <datafield tag="999" ind1=" " ind2=" ">
    <subfield code="c">6146</subfield>
    <subfield code="d">6146</subfield>
  </datafield>
  <controlfield tag="003">OSt</controlfield>
  <controlfield tag="005">20260122235009.0</controlfield>
  <controlfield tag="008">190701b        xxu||||| |||| 00| 0 spa d</controlfield>
  <datafield tag="040" ind1=" " ind2=" ">
    <subfield code="c">PJ</subfield>
  </datafield>
  <datafield tag="100" ind1=" " ind2=" ">
    <subfield code="9">6900</subfield>
    <subfield code="a">Gerosa, Alejo Mart&#xED;n</subfield>
  </datafield>
  <datafield tag="245" ind1="1" ind2="3">
    <subfield code="a">Los efectos temporales de la anulaci&#xF3;n del acto administrativo favorable ante la buena fe del ciudadano /</subfield>
    <subfield code="c">Alejo Mart&#xED;n Gerosa.</subfield>
  </datafield>
  <datafield tag="300" ind1=" " ind2=" ">
    <subfield code="a">p. 57-72</subfield>
  </datafield>
  <datafield tag="505" ind1=" " ind2=" ">
    <subfield code="a">Sumario: I. Introducci&#xF3;n.&#x2014; II. Aplicaci&#xF3;n anal&#xF3;gica del derecho civil al derecho administrativo en materia de nulidades.&#x2014; III. El r&#xE9;gimen de la nulidad absoluta civil.&#x2014; IV. Consideraciones de la doctrina nacional.&#x2014; V. Jurisprudencia relevante y doctrina de la PTN.&#x2014; VI. La importancia de la confianza que el ciudadano deposit&#xF3; en la Administraci&#xF3;n.&#x2014; VII. La paradoja del transcurso del tiempo como agravante de la posici&#xF3;n de la Administraci&#xF3;n y como elemento favorable al ciudadano.&#x2014; VIII. Distinci&#xF3;n entre la declaraci&#xF3;n de invalidez y sus efectos temporales.&#x2014; IX. Conclusiones.</subfield>
  </datafield>
  <datafield tag="505" ind1=" " ind2=" ">
    <subfield code="t">&#xBF;Te interesa el texto completo? Comunicate al correo: koha@justierradelfuego.gov.ar</subfield>
  </datafield>
  <datafield tag="650" ind1=" " ind2="0">
    <subfield code="9">211</subfield>
    <subfield code="a">DERECHO ADMINISTRATIVO</subfield>
  </datafield>
  <datafield tag="650" ind1=" " ind2="0">
    <subfield code="9">1171</subfield>
    <subfield code="a">ACTO ADMINISTRATIVO</subfield>
  </datafield>
  <datafield tag="773" ind1="0" ind2=" ">
    <subfield code="0">2842</subfield>
    <subfield code="9">3251</subfield>
    <subfield code="d">Buenos Aires : AbeledoPerrot, 2012-</subfield>
    <subfield code="o">DA121</subfield>
    <subfield code="t">Derecho administrativo. N&#xBA; 150 noviembre/diciembre 2023</subfield>
    <subfield code="z">18510590</subfield>
  </datafield>
  <datafield tag="942" ind1=" " ind2=" ">
    <subfield code="2">udc</subfield>
    <subfield code="c">ANA</subfield>
  </datafield>
</record>
